000 01542nam0a2200373 4500
001 RU\NLR\BIBL_A\022187589
005 20240603102406.0
010 _a978-5-00126-217-6
_9912
021 _aRU
_bКН-П-24-011554
_9КН-П-24-1202
035 _a(NLR Aleph) 022187589
090 _a13002370
_c13002370
100 _a20240404d2022 u y0rusy50 ca
101 1 _arus
_cspa
102 _aRU
105 _ay z 000zy
181 0 _ai4
_baxxe
182 0 _an
200 1 _aС Иисусом успех обеспечен!
_eежедневные чтения для подростков
_fДавид Мигель Брисуэла
_gперевод с испанского Н. Худовой
203 _aТекст
_bвизуальный
_cнепосредственный
210 _aЗаокский
_cИсточник жизни
_d2022
215 _a383 с.
_d22
333 _aдля детей старше шести лет; 12+
601 0 2 _aАдвентисты седьмого дня
_9900845
_3RU\NLR\AUTH\667396
606 1 _aДуховно-нравственное чтение
_92074545
_3RU\NLR\AUTH\661249549
606 1 _aПротестантизм и молодежь
_92480333
_3RU\NLR\AUTH\6601689045
686 2 _aЭ376.222-681.2
686 2 _aЭ376.222-112.682
700 1 _aБрисуэла
_bД. М.
_gДавид Мигель
942 _cBOOK
980 _aNB